Stay The Night - Zedd Feat. Hayley Williams - All Lyrics - Statistics

General Stats
  • This quiz has been taken 8 times
  • The average score is 253 of 293
Answer Stats
Answer % Correct
a
100%
are
100%
Are
100%
bound
100%
Doesn't
100%
for
100%
go
100%
gonna
100%
life
100%
me
100%
mean
100%
night?
100%
Night,
100%
night,
100%
night
100%
Oh,
100%
oh,
100%
stay
100%
the
100%
we
100%
(We
100%
were
100%
we're
100%
You
100%
you
100%
and
80%
down
80%
eyes
80%
hear
80%
I
80%
in
80%
know
80%
out
80%
So
80%
So,
80%
sparkle
80%
that
80%
your
80%
break
60%
don't
60%
Don't
60%
fire,
60%
hold
60%
made
60%
mind
60%
to
60%
upside
60%
what?
60%
all
40%
am
40%
blinds
40%
Come
40%
dull
40%
flames
40%
gasoline
40%
I'll
40%
let
40%
lights,
40%
more
40%
one
40%
Only
40%
over
40%
place
40%
pour
40%
this
40%
time
40%
tongue
40%
We'll
40%
yourself
40%
burned)
20%
draw
20%
get
20%
kill
20%
learn)
20%
never
20%
you're
20%
(When
0%
No matching quizzes found
Score Distribution
Percent of People with Each Score
Percentile by Number Answered
Your Score History
You have not taken this quiz